Sports Quiz

Random Sports or NBA Quiz

Big 4 Championship Coaches Quiz Stats

Quiz Updated Nov 2, 2017

Challenge
Share
Tweet
Embed
Score 0/30 Timer 06:00
2 Plays Today
Sport Coach % Correct
NBAGregg Popovich
90.1%
NFLBill Belichick
90.1%
NBASteve Kerr
89.5%
NFLBill Belichick
88.7%
NFLJohn Harbaugh
87.7%
NFLPete Carroll
85.7%
NCAA Men's FootballNick Saban
82.8%
NCAA Men's FootballNick Saban
82.5%
NCAA Men's FootballDabo Swinney
82.3%
NCAA Men's FootballUrban Meyer
80.6%
NBASteve Kerr
79.5%
NCAA Men's FootballJimbo Fisher
77.5%
MLBBruce Bochy
77%
MLBJoe Maddon
74.7%
NCAA Men's BasketballMike Krzyzewski
73.5%
Sport Coach % Correct
NCAA Men's BasketballKevin Ollie
71.8%
NBATy Lue
71.7%
NFLGary Kubiak
70.9%
NBAErik Spoelstra
68.6%
NCAA Men's BasketballRick Pitino
68.3%
NCAA Men's BasketballRoy Williams
67.1%
NCAA Men's BasketballJay Wright
63.2%
MLBJohn Farrell
62.6%
MLBA.J Hinch
62.4%
MLBNed Yost
50.5%
NHLJoel Quenneville
21.8%
NHLJoel Quenneville
16.4%
NHLDarryl Sutter
15.6%
NHLMike Sullivan
14.4%
NHLMike Sullivan
11.8%

You're not logged in!

Compare scores with friends on all Sporcle quizzes.
Sign Up with Email
OR
Log In

You Might Also Like...

Show Comments

Extras

Top Quizzes Today


Score Distribution

Your Account Isn't Verified!

In order to create a playlist on Sporcle, you need to verify the email address you used during registration. Go to your Sporcle Settings to finish the process.